مجتبی حسين کی بہتر ين تحر ير يں(جلد د و م ) (Record no. 172794)
[ view plain ]
| 000 -LEADER | |
|---|---|
| fixed length control field | 00682nam a22001937a 4500 |
| 005 - DATE AND TIME OF LATEST TRANSACTION | |
| control field | 20200213110212.0 |
| 010 ## - LCCN (DPL NO) | |
| LC control number | B-70266 |
| 020 ## - INTERNATIONAL STANDARD BOOK NUMBER | |
| Terms of availability | 250.00 |
| International Standard Book Number | - |
| 035 ## - SYSTEM CONTROL NUMBER | |
| System control number | B-70266 |
| 037 ## - SOURCE OF ACQUISITION | |
| Source of stock number/acquisition | BPPD |
| 082 ## - DEWEY DECIMAL CLASSIFICATION NUMBER | |
| Classification number | 920 |
| 100 ## - MAIN ENTRY--PERSONAL NAME | |
| Personal name | مجتبی حسين |
| 245 ## - TITLE STATEMENT | |
| Title | مجتبی حسين کی بہتر ين تحر ير يں(جلد د و م ) |
| Statement of responsibility, etc | مجتبی حسين |
| 246 ## - VARYING FORM OF TITLE | |
| Title proper/short title | Mujtuba Hussain Ki Behtreen Tehreerain(Part-2) |
| Remainder of title | by Mujtuba Hussain |
| 260 ## - PUBLICATION, DISTRIBUTION, ETC. (IMPRINT) | |
| Place of publication, distribution, etc | Delhi |
| Name of publisher, distributor, etc | Educational Publishing House |
| Date of publication, distribution, etc | 2002 |
| 270 ## - ADDRESS | |
| Address | 3108,Vakil Street,Kucha Pandit,Lal Kuan, |
| City | Delhi |
| Postal code | 110006 |
| Telephone number | 3216162 |
| Fax number | - |
| Electronic mail address | - |
| 300 ## - PHYSICAL DESCRIPTION | |
| Extent | 352 ص |
| Dimensions | 21 Cm.(P.b) |
| 942 ## - ADDED ENTRY ELEMENTS (KOHA) | |
| Source of classification or shelving scheme | Dewey Decimal Classification |
| Item type | Urdu Bks |
| Classification part | 920 |
| Call number suffix | م ج ت |
| Withdrawn status | Lost status | Not for loan | Collection code | Home library | Current library | Date acquired | Source of acquisition | Cost, normal purchase price | Full call number | Barcode | Copy number | Cost, replacement price | Koha item type |
|---|---|---|---|---|---|---|---|---|---|---|---|---|---|
| Non-fiction | Central Library | Central Library | 13/02/2020 | BPPD/Ven. | 250.00 | 920 م ج ت | B-70266 | 1 | 250.00 | Urdu Bks |
